00879nam a2200253 i 4500001001000000003000900010005001700019007000300036008004100039040003000080041000800110082002200118100003700140245010600177264003600283300002900319336003200348337003300380338002700413500006400440504002800504650002500532710006800557000015319DO-SdBNP20240906145550.0ta100205s2008 dr r 000 0 spa d aDO-SdBNPbspacBNPHUerda aspa 4a340.54bR457d2221 aReyes Cerda, Nelson4aut.eautor10aDerecho romano :bsu historia, principios generales de la legislación romana /cNelson Reyes Cerda. 1aSanto Domingo :bFECON, c2008. a329 páginas ; c21 cm. 2rdacontentardacontentbtxt 2rdamediaasin mediaciónbn 2rdcarrieravolumenbnc aIncluye datos biográficos del autor en la contracubierta. aBibliografía : p. 329 7aDerecho romano2LEMB1 aFundación Educación Constitucional (República Dominicana)